Biggest cities by letter The Netherlands - Statistics

General Stats
  • This quiz has been taken 29 times
  • The average score is 11 of 21
Answer Stats
Letter Residents Answer % Correct
A 862.965 Amsterdam
96%
U 352.866 Utrecht
92%
R 581.750 Rotterdam
92%
D 537.833 Den Haag
88%
G 202.285 Groningen
84%
M 121.317 Maastricht
84%
H 154.352 Haarlem
76%
B 183.056 Breda
76%
E 231.642 Eindhoven
76%
T 197.020 Tilburg
72%
N 176.731 Nijmegen
68%
L 120.105 Leiden
56%
V 100.335 Venlo
44%
Z 150.384 Zaanstad
32%
P 79.512 Purmerend
20%
W 50.084 Woerden
16%
O 84.944 Oss
12%
C 66.166 Capelle aan de ijssel
8%
S 93.843 Sittard
4%
I 33.978 IJselsteijn
0%
K 62.799 Katwijk
0%
No matching quizzes found
Score Distribution
Percent of People with Each Score
Percentile by Number Answered
Your Score History
You have not taken this quiz